| 000 | 00713nam a22001697a 4500 | ||
|---|---|---|---|
| 999 |
_c58860 _d58860 |
||
| 003 | Ge_BSU | ||
| 005 | 20221011112937.0 | ||
| 008 | 221011s1968 ge ||||| |||| 00| 0 geo d | ||
| 041 | _ageo | ||
| 080 | _a1(37/32)(075.8) წ-39 | ||
| 100 |
_aწერეთელი, სავლე _915228 |
||
| 245 |
_aანტიკური ფილოსოფია : _b[სახელმძღვ. სტუდენტებისათვის] / _c სავლე წერეთელი. |
||
| 264 |
_aთბილისი : _bთბილ. უნ-ტის გამ-ბა, _c1968. |
||
| 300 |
_a449 გვ. ; _b22 სმ. |
||
| 653 | _aანტიკური ფილოსოფია | ||
| 942 |
_2udc _cBK |
||